Projeto macrozoneamento da Amazonia legal : (Registro nro. 8448)
[ vista simple ]
| 000 -CABECERA | |
|---|---|
| Campo de control | 00873nam a22002057a 4500 |
| 005 - FECHA Y HORA DE LA ULTIMA TRANSACCION | |
| Campo de control | 20140521162728.0 |
| 008 - ELEMENTOS DE LONGITUD FIJA—INFORMACION GENERAL | |
| Campo de control | 140521b2003 bl ||||| |||| 00| 0 por d |
| 041 ## - IDIOMA | |
| Código de idioma para texto/pista de sonido o título separado | Portugués |
| 044 ## - PAÍS DE PUBLICACIÓN | |
| País de publicación | Brasil |
| 082 04 - NUMERO DE CLASIFICACION DECIMAL DEWEY | |
| Número de clasificación | 551.48 |
| Número del ítem | M17p |
| 110 2# - ASIENTO PRINCIPAL--NOMBRE CORPORATIVO | |
| Nombre corporativo o de jurisdicción como elemento de entrada | Ministério do Meio Ambiente |
| Unidad subordinad | Directoria de Gestao Ambiental e Territorial |
| -- | Programa Zoneamento Ecológico-Economico |
| 245 10 - MENCION DE TITULO | |
| Título | Projeto macrozoneamento da Amazonia legal : |
| Parte restante del título | mapas temáticos selecionados (tecxto explicativo) |
| 260 ## - PUBLICACION, DISTRIBUCION, ETC. (PIE DE IMPRENTA) | |
| Lugar de publicación, distribución, etc. | Brasilia |
| Nombre del editor, distribuidor, etc. | Ministério do Meio Ambiente. Directoria de Gestao Ambiental e Territorial. |
| Fecha de publicación, distribución, etc. | 2003 |
| 300 ## - DESCRIPCION FISICA | |
| Extensión | 35 p. |
| Dimensiones | 28 cm. |
| 650 #6 - ASIENTO SECUNDARIO DE MATERIA - TERMINO TEMATICO | |
| Término temático o nombre geográfico como elemento de entrada | Política ambiental |
| Subdivisión geográfica | Amazonia (Brasil) |
| 650 #4 - ASIENTO SECUNDARIO DE MATERIA - TERMINO TEMATICO | |
| Término temático o nombre geográfico como elemento de entrada | Frontera agrícola |
| Subdivisión geográfica | Amazonia (Brasil) |
| 650 #4 - ASIENTO SECUNDARIO DE MATERIA - TERMINO TEMATICO | |
| Término temático o nombre geográfico como elemento de entrada | Frontera mineral |
| Subdivisión geográfica | Amazonia (Brasil) |
| 650 #4 - ASIENTO SECUNDARIO DE MATERIA - TERMINO TEMATICO | |
| Término temático o nombre geográfico como elemento de entrada | Diversidad sociocultural |
| Subdivisión geográfica | Amazonia (Brasil) |
| 942 ## - ELEMENTOS ADICIONALES (KOHA) | |
| Sistema de clasificación | Dewey Decimal Classification |
| Tipo de ítem | Impreso |
| Withdrawn status | Lost status | Sistema de Clasificación | Damaged status | No para préstamo | Colección | Inventariado | Ubicación Permanente | Ubicación actual | Fecha de adquisición | Fuente de Valor | Valor | Total Checkouts | Número topográfico | Inventario / Código de Barras | Date last seen | Ejemplar | Price effective from | Forma de adquisición | Tipo de material |
|---|---|---|---|---|---|---|---|---|---|---|---|---|---|---|---|---|---|---|---|
| Dewey Decimal Classification | General | Inventariado 2017 | Bogotá | Bogotá | 21/05/2014 | Instituto | 15000.00 | LB-551.48 M17p | 034431 | 21/05/2014 | Ej. 1 | 21/05/2014 | Libro |